| 000 | 01518aam a2200361 i 4500 | ||
|---|---|---|---|
| 001 | 768714001 | ||
| 003 | CO-MdFUSB | ||
| 005 | 20231123094344.0 | ||
| 007 | ta | ||
| 008 | 231024t20192019spa||||g |||| 00| 0 spa d | ||
| 020 | _a9788483812358 | ||
| 040 |
_aCO-MdFUSB _bspa _cCO-MdFUSB _dCO-MdFUSBC _erda |
||
| 041 | _aspa | ||
| 082 |
_223 _a936.31 _bV712 |
||
| 100 |
_aVillacañas Berlanga, José Luis, _eautor |
||
| 245 | 1 |
_aImperiofilia y el populismo nacional - católico _b : otra historia del imperio español _c/ José Luis Villacañas Berlanga |
|
| 264 | 1 |
_aMadrid, España : _bLengua de trapo, _c[2019] |
|
| 264 | 4 | _c©2019 | |
| 300 |
_a262 páginas _c; 23 cm |
||
| 336 |
_2rdacontent _atexto _btxt |
||
| 337 |
_2rdamedia _asin mediación _bn |
||
| 338 |
_2rdacarrier _avolumen _bnc |
||
| 490 | _aColección Ensayos | ||
| 504 | _aIncluye índice | ||
| 505 |
_tPrimera parte: la teoría: _aLos superiores -- Los inferiores -- Los intelectuales -- Los imperios. |
||
| 505 |
_tSegunda parte: la historia: _aA. las victimas imperiales -- Despistes de estructura -- B. Los victimarios: las naciones europeas. |
||
| 505 |
_tTercera parte: la leyenda negra en sí: _aInquisición -- Efecto inquisición -- El imperio de América -- Ilustración -- El sentido de la ilustración española -- Liberalismo |
||
| 505 |
_tCuarta parte: alabanza de los imperios y de la historia: _aLa peculiaridad del imperio español. |
||
| 563 | _aRústico. | ||
| 650 | 7 |
_2embne _97022 _aHistoria |
|
| 942 | _cBK | ||
| 945 | _asor1564 | ||
| 999 |
_c69208 _d69208 |
||